UM Logo

Advanced financial accounting: (Record no. 3767)

MARC details
000 -LEADER
fixed length control field 00630nam a22001817a 4500
008 - FIXED-LENGTH DATA ELEMENTS--GENERAL INFORMATION
fixed length control field 160809b xxu||||| |||| 00| 0 eng d
020 ## - INTERNATIONAL STANDARD BOOK NUMBER
International Standard Book Number 978-0-07-126933-9
082 ## - DEWEY DECIMAL CLASSIFICATION NUMBER
Edition number 2009
Classification number DC 657.0216
Item number N25a
100 ## - MAIN ENTRY--PERSONAL NAME
9 (RLIN) 12537
Personal name Neo, Pearl Tan Hock
245 ## - TITLE STATEMENT
Title Advanced financial accounting:
Remainder of title an IAS and IFRS approach/
Statement of responsibility, etc. Pearl Tan Hock Neo and Peter Lee Lip Nyean.
250 ## - EDITION STATEMENT
Edition statement updated edition
260 ## - PUBLICATION, DISTRIBUTION, ETC. (IMPRINT)
Place of publication, distribution, etc. Singapore:
Name of publisher, distributor, etc. McGraw-Hill,
Date of publication, distribution, etc. c2009.
300 ## - PHYSICAL DESCRIPTION
Extent xiii, 651 pages:
Other physical details illustrations;
Dimensions 26 cm.
500 ## - GENERAL NOTE
General note Includes index.
650 #0 - SUBJECT ADDED ENTRY--TOPICAL TERM
9 (RLIN) 12538
Topical term or geographic name as entry element Accounting
700 ## - ADDED ENTRY--PERSONAL NAME
9 (RLIN) 12539
Personal name Nyean, Peter Lee Yip
Relator term Author
942 ## - ADDED ENTRY ELEMENTS (KOHA)
Source of classification or shelving scheme Dewey Decimal Classification
Koha item type Circulation
Holdings
Withdrawn status Lost status Source of classification or shelving scheme Damaged status Not for loan Collection code Home library Current library Date acquired Source of acquisition Total Checkouts Full call number Barcode Date last seen Date last checked out Price effective from Koha item type
    Dewey Decimal Classification     Circulation UM Digos College - LIC UM Digos College - LIC 07/11/2011 Photocopied 1 DC 657.0216 N25a 2009 21617 06/08/2021 01/18/2018 08/09/2016 Circulation